000 00791cab a2200253 4500
001 WB3026-46
008 090401t1994 xxu||||| |||| 00| 0 eng d
035 _a(Sirsi) u80886
041 _aeng
245 _aBuilding on client needs
260 _c1994
350 _a0
490 _aLaw Society`s Gazette
_v91(25) 29 June 1994, 11
490 _aTimes
_v8 July 1994, 31(2)
520 _aUrges a review of clients` concerns when buying property and of the quality of services lawyers provide to meet clients` needs in this field.
650 _aCONVEYANCING
650 _aHOUSE PURCHASE
650 _aQUALITY
650 _aSOLICITORS
690 _aMANAGEMENT-BUSINESS MANAGEMENT-PROFESSIONAL PRACTICE
690 _aPROPERTY LAW AND PRACTICE
942 _n0
948 _c04/03/1997
999 _c50934
_d50934